|
|
|
|
| LEADER |
00821nam a2200217 a 4500 |
| 001 |
3616037 |
| 008 |
110330s1974 ohua b 001 0 eng d |
| 010 |
|
|
|a 73089660
|
| 020 |
|
|
|a 0675088445
|
| 040 |
|
|
|a DLC
|c DLC
|d DLC
|d BD-DhAAL
|
| 082 |
0 |
0 |
|a 658.4/03
|
| 100 |
1 |
|
|a Mockler, Robert J.
|
| 245 |
1 |
0 |
|a Information systems for management /
|c [by] Robert J. Mockler.
|
| 260 |
|
|
|a Columbus, Ohio :
|b Merrill,
|c 1974
|
| 300 |
|
|
|a xi, 516 p.
|b illus. ;
|c 24 cm.
|
| 504 |
|
|
|a Includes index and bibliographical references.
|
| 541 |
1 |
|
|e 00001481
|
| 650 |
|
0 |
|a Management information systems.
|
| 852 |
4 |
|
|a Ayesha Abed library
|j General Shelf
|
| 999 |
|
|
|c 10607
|d 10607
|
| 952 |
|
|
|0 0
|1 0
|2 ddc
|4 0
|6 658_403000000000000_MOC
|7 0
|9 15934
|a BRACUL
|b BRACUL
|c GEN
|d 2011-03-30
|g 1364.00
|l 1
|o 658.403 MOC
|p 3010001481
|r 2013-03-06
|s 2013-03-06
|t 1
|w 2011-03-30
|y BK
|